Health, culture and religion in South Asia: critical perspectives (Record no. 7595)
[ view plain ]
| 000 -LEADER | |
|---|---|
| fixed length control field | 00606nam a2200217Ia 4500 |
| 020 ## - INTERNATIONAL STANDARD BOOK NUMBER | |
| ISBN | 9780415556095 |
| 082 ## - DEWEY DECIMAL CLASSIFICATION NUMBER | |
| Classification number | 306.0954 HEA- |
| 245 #0 - TITLE STATEMENT | |
| Title | Health, culture and religion in South Asia: critical perspectives |
| 260 ## - PUBLICATION, DISTRIBUTION, ETC. (IMPRINT) | |
| Place of publication | London |
| Name of publisher | Routledge |
| Year of publication | 2011 |
| 300 ## - PHYSICAL DESCRIPTION | |
| Number of Pages | x, 153 |
| 440 ## - SERIES STATEMENT/ADDED ENTRY--TITLE | |
| Title | South Asian history and culture |
| 504 ## - BIBLIOGRAPHY, ETC. NOTE | |
| Bibliography, etc | includes Index |
| 650 ## - SUBJECT ADDED ENTRY--TOPICAL TERM | |
| Topical Term | South Asia |
| Form subdivision | History |
| 650 ## - SUBJECT ADDED ENTRY--TOPICAL TERM | |
| Topical Term | Health |
| Geographic subdivision | South Asia |
| 650 ## - SUBJECT ADDED ENTRY--TOPICAL TERM | |
| Topical Term | Religion |
| Geographic subdivision | South Asia |
| 650 ## - SUBJECT ADDED ENTRY--TOPICAL TERM | |
| Topical Term | South Asia |
| Form subdivision | Social life and customs |
| 700 ## - ADDED ENTRY--PERSONAL NAME | |
| Personal name | Washbrook, David |
| 700 ## - ADDED ENTRY--PERSONAL NAME | |
| Personal name | Broom, Alex |
| 700 ## - ADDED ENTRY--PERSONAL NAME | |
| Personal name | Doron, Assa |
| 942 ## - ADDED ENTRY ELEMENTS (KOHA) | |
| Koha item type | Books |
| Withdrawn status | Lost status | Damaged status | Not for loan | Home library | Current library | Date acquired | Source of acquisition | Bill Date | Full call number | Accession Number | Price effective from | Koha item type |
|---|---|---|---|---|---|---|---|---|---|---|---|---|
| NASSDOC Library | NASSDOC Library | 21/03/2011 | BBS | 2011-02-22 | 306.0954 HEA- | 47023 | 18/04/2019 | Books |
